| 000 | 00368nam a22001457a 4500 | ||
|---|---|---|---|
| 020 | _a9788189866860 | ||
| 082 |
_a658.562 _bKES/TO |
||
| 100 | _aKesavan, R | ||
| 245 | _aTotal quality management | ||
| 260 |
_aNew Delhi _bI.K International Publishing House pvt. Ltd. _c2012 |
||
| 300 | _a318 | ||
| 700 | _aElanchezhian, C | ||
| 700 | _aRamnath, Vijaya B | ||
| 942 | _cBK | ||
| 999 |
_c13666 _d13666 |
||